[Event "DVM U20 2021"]
[Site "Kiel GER"]
[Date "2022.07.24"]
[Round "3"]
[White "Pralle, Finnegan"]
[Black "Fidlin, Simon"]
[Result "0-1"]
[Termination "normal"]
[Board "4.1"]
[WhiteElo "1912"]
[BlackElo "2013"]
[WhiteClock "00:12:45"]
[BlackClock "00:26:45"]
[WhiteTeam "Biebertaler Schachfreunde"]
[BlackTeam "Karlsruher SF 1853"]
[PlyCount "82"]
[WhiteFideId "12986615"]
[BlackFideId "16217535"]
[EventCountry "GER"]
[EventRounds "7"]
[EventType "team-swiss"]
[EventDate "2022.07.22"]

1. e4 {[%clk 01:30:56]} {[%emt 00:00:04]} c5 {[%clk 01:30:44]} {[%emt
00:00:17]} 2. Nc3 {[%clk 01:31:19]} {[%emt 00:00:07]} d6 {[%clk 01:30:55]}
{[%emt 00:00:19]} 3. g3 {[%clk 01:31:37]} {[%emt 00:00:12]} g6 {[%clk
01:31:19]} {[%emt 00:00:06]} 4. Bg2 {[%clk 01:32:03]} {[%emt 00:00:04]} Bg7
{[%clk 01:31:33]} {[%emt 00:00:15]} 5. d3 {[%clk 01:32:26]} {[%emt 00:00:08]}
Nc6 {[%clk 01:31:40]} {[%emt 00:00:23]} 6. Be3 {[%clk 01:32:49]} {[%emt
00:00:06]} e6 {[%clk 01:31:18]} {[%emt 00:00:52]} 7. Qd2 {[%clk 01:33:13]}
{[%emt 00:00:07]} Nge7 {[%clk 01:30:07]} {[%emt 00:01:41]} 8. Bh6 {[%clk
01:33:02]} {[%emt 00:00:41]} O-O {[%clk 01:30:13]} {[%emt 00:00:22]} 9. h4
{[%clk 01:33:23]} {[%emt 00:00:10]} Bxh6 {[%clk 01:29:31]} {[%emt 00:01:13]}
10. Qxh6 {[%clk 01:33:45]} {[%emt 00:00:07]} f6 {[%clk 01:29:58]} {[%emt
00:00:03]} 11. Qd2 {[%clk 01:33:38]} {[%emt 00:00:37]} Rb8 {[%clk 01:25:50]}
{[%emt 00:04:38]} 12. h5 {[%clk 01:29:49]} {[%emt 00:04:19]} g5 {[%clk
01:25:19]} {[%emt 00:01:01]} 13. Nce2 {[%clk 01:26:42]} {[%emt 00:03:39]} d5
{[%clk 01:15:59]} {[%emt 00:09:50]} 14. g4 {[%clk 01:07:01]} {[%emt 00:20:12]}
h6 {[%clk 01:07:03]} {[%emt 00:09:25]} 15. f4 {[%clk 01:04:46]} {[%emt
00:02:45]} e5 {[%clk 01:00:45]} {[%emt 00:06:48]} 16. exd5 {[%clk 01:03:40]}
{[%emt 00:01:36]} Nxd5 {[%clk 00:59:59]} {[%emt 00:01:16]} 17. f5 {[%clk
01:03:28]} {[%emt 00:00:42]} b5 {[%clk 00:52:21]} {[%emt 00:08:08]} 18. Nh3
{[%clk 01:01:33]} {[%emt 00:02:26]} Bb7 {[%clk 00:51:18]} {[%emt 00:01:32]} 19.
Nf2 {[%clk 01:01:53]} {[%emt 00:00:09]} Nd4 {[%clk 00:50:17]} {[%emt 00:01:31]}
20. Nxd4 {[%clk 01:00:30]} {[%emt 00:01:54]} cxd4 {[%clk 00:48:15]} {[%emt
00:02:31]} 21. Bxd5+ {[%clk 00:58:17]} {[%emt 00:02:44]} Bxd5 {[%clk 00:48:16]}
{[%emt 00:00:29]} 22. Ne4 {[%clk 00:58:42]} {[%emt 00:00:05]} Qb6 {[%clk
00:45:43]} {[%emt 00:03:03]} 23. O-O {[%clk 00:55:39]} {[%emt 00:03:32]} Bxe4
{[%clk 00:44:39]} {[%emt 00:01:34]} 24. dxe4 {[%clk 00:56:04]} {[%emt
00:00:06]} Rfc8 {[%clk 00:44:20]} {[%emt 00:00:49]} 25. Qd3 {[%clk 00:55:20]}
{[%emt 00:01:14]} Rc4 {[%clk 00:38:47]} {[%emt 00:06:03]} 26. Rf2 {[%clk
00:53:27]} {[%emt 00:02:23]} Rbc8 {[%clk 00:37:33]} {[%emt 00:01:44]} 27. Rd1
{[%clk 00:52:57]} {[%emt 00:01:00]} b4 {[%clk 00:34:47]} {[%emt 00:03:16]} 28.
Rdd2 {[%clk 00:50:34]} {[%emt 00:02:52]} a5 {[%clk 00:34:36]} {[%emt 00:00:42]}
29. Qb3 {[%clk 00:50:13]} {[%emt 00:00:52]} Qc6 {[%clk 00:34:42]} {[%emt
00:00:24]} 30. Rfe2 {[%clk 00:49:24]} {[%emt 00:01:19]} a4 {[%clk 00:34:56]}
{[%emt 00:00:16]} 31. Qd3 {[%clk 00:45:58]} {[%emt 00:03:55]} a3 {[%clk
00:31:04]} {[%emt 00:04:23]} 32. Qb3 {[%clk 00:46:21]} {[%emt 00:00:06]} axb2
{[%clk 00:28:59]} {[%emt 00:02:35]} 33. Qxb2 {[%clk 00:46:14]} {[%emt
00:00:38]} Qc5 {[%clk 00:29:09]} {[%emt 00:00:19]} 34. Qb3 {[%clk 00:38:08]}
{[%emt 00:08:36]} Ra8 {[%clk 00:29:12]} {[%emt 00:00:27]} 35. Kg2 {[%clk
00:35:12]} {[%emt 00:03:26]} Ra3 {[%clk 00:29:35]} {[%emt 00:00:07]} 36. Qb1
{[%clk 00:35:36]} {[%emt 00:00:06]} Rcc3 {[%clk 00:29:36]} {[%emt 00:00:29]}
37. Rd3 {[%clk 00:35:55]} {[%emt 00:00:11]} Qc4 {[%clk 00:29:57]} {[%emt
00:00:09]} 38. Red2 {[%clk 00:35:39]} {[%emt 00:00:46]} Kf7 {[%clk 00:27:51]}
{[%emt 00:02:35]} 39. Kf2 {[%clk 00:19:24]} {[%emt 00:16:45]} Ke8 {[%clk
00:27:30]} {[%emt 00:00:51]} 40. Qf1 {[%clk 00:16:22]} {[%emt 00:03:32]} Rxc2
{[%clk 00:26:38]} {[%emt 00:01:23]} 41. Qe2 {[%clk 00:12:45]} {[%emt 00:04:07]}
Raxa2 {[%clk 00:26:45]} {[%emt 00:00:23]} 0-1

[Event "DVM U20 2021"]
[Site "Kiel GER"]
[Date "2022.07.24"]
[Round "3"]
[White "Koll, Linus"]
[Black "Grunwald, Jonathan"]
[Result "1-0"]
[Termination "normal"]
[Board "4.2"]
[WhiteElo "2033"]
[BlackElo "1801"]
[WhiteClock "00:04:36"]
[BlackClock "00:00:53"]
[WhiteTeam "Karlsruher SF 1853"]
[BlackTeam "Biebertaler Schachfreunde"]
[PlyCount "128"]
[WhiteFideId "12990299"]
[BlackFideId "12955744"]
[EventCountry "GER"]
[EventRounds "7"]
[EventType "team-swiss"]
[EventDate "2022.07.22"]

1. e4 {[%clk 01:30:59]} e5 {[%clk 01:30:55]} {[%emt 00:00:05]} 2. Nf3 {[%clk
01:31:27]} {[%emt 00:00:03]} Nc6 {[%clk 01:31:19]} {[%emt 00:00:05]} 3. Bc4
{[%clk 01:31:53]} {[%emt 00:00:04]} Bc5 {[%clk 01:31:39]} {[%emt 00:00:09]} 4.
c3 {[%clk 01:32:20]} {[%emt 00:00:03]} Nf6 {[%clk 01:32:01]} {[%emt 00:00:08]}
5. d3 {[%clk 01:32:47]} {[%emt 00:00:03]} O-O {[%clk 01:31:19]} {[%emt
00:01:12]} 6. O-O {[%clk 01:33:15]} {[%emt 00:00:04]} h6 {[%clk 01:30:18]}
{[%emt 00:01:30]} 7. Be3 {[%clk 01:32:02]} {[%emt 00:01:44]} Bb6 {[%clk
01:28:16]} {[%emt 00:02:30]} 8. Nbd2 {[%clk 01:30:18]} {[%emt 00:02:15]} d5
{[%clk 00:49:51]} {[%emt 00:38:54]} 9. exd5 {[%clk 01:29:12]} {[%emt 00:01:36]}
Nxd5 {[%clk 00:50:13]} {[%emt 00:00:11]} 10. Bxb6 {[%clk 01:29:35]} {[%emt
00:00:04]} axb6 {[%clk 00:50:19]} {[%emt 00:00:24]} 11. Re1 {[%clk 01:25:46]}
{[%emt 00:04:18]} Re8 {[%clk 00:48:19]} {[%emt 00:02:30]} 12. Nf1 {[%clk
01:23:30]} {[%emt 00:02:47]} Bf5 {[%clk 00:45:26]} {[%emt 00:03:23]} 13. Ng3
{[%clk 01:21:48]} {[%emt 00:02:12]} Bg6 {[%clk 00:45:01]} {[%emt 00:00:55]} 14.
a3 {[%clk 01:14:26]} {[%emt 00:07:52]} Nf4 {[%clk 00:36:50]} {[%emt 00:08:40]}
15. d4 {[%clk 01:03:09]} {[%emt 00:11:48]} exd4 {[%clk 00:34:01]} {[%emt
00:03:18]} 16. Rxe8+ {[%clk 01:03:14]} {[%emt 00:00:26]} Qxe8 {[%clk 00:34:25]}
{[%emt 00:00:05]} 17. Nxd4 {[%clk 01:03:38]} {[%emt 00:00:07]} Rd8 {[%clk
00:31:08]} {[%emt 00:03:46]} 18. Qf3 {[%clk 00:56:47]} {[%emt 00:07:21]} Nxd4
{[%clk 00:20:06]} {[%emt 00:11:33]} 19. Qxf4 {[%clk 00:56:35]} {[%emt
00:00:42]} b5 {[%clk 00:17:49]} {[%emt 00:02:46]} 20. cxd4 {[%clk 00:27:58]}
{[%emt 00:29:06]} bxc4 {[%clk 00:18:10]} {[%emt 00:00:10]} 21. Qxc7 {[%clk
00:27:18]} {[%emt 00:01:11]} Rxd4 {[%clk 00:18:18]} {[%emt 00:00:21]} 22. Qxb7
{[%clk 00:27:20]} {[%emt 00:00:28]} Qa4 {[%clk 00:15:32]} {[%emt 00:03:16]} 23.
h3 {[%clk 00:20:32]} {[%emt 00:07:19]} h5 {[%clk 00:12:27]} {[%emt 00:03:35]}
24. Qb8+ {[%clk 00:13:39]} {[%emt 00:07:23]} Kh7 {[%clk 00:12:50]} {[%emt
00:00:07]} 25. Qe5 {[%clk 00:14:00]} {[%emt 00:00:09]} Rd3 {[%clk 00:06:47]}
{[%emt 00:06:32]} 26. Nxh5 {[%clk 00:08:02]} {[%emt 00:06:28]} Rd1+ {[%clk
00:05:20]} {[%emt 00:01:57]} 27. Kh2 {[%clk 00:08:26]} {[%emt 00:00:07]} f6
{[%clk 00:05:25]} {[%emt 00:00:24]} 28. Nxf6+ {[%clk 00:08:48]} {[%emt
00:00:08]} gxf6 {[%clk 00:05:50]} {[%emt 00:00:05]} 29. Qe7+ {[%clk 00:09:14]}
{[%emt 00:00:04]} Kh6 {[%clk 00:05:44]} {[%emt 00:00:37]} 30. Rxd1 {[%clk
00:09:30]} {[%emt 00:00:14]} Qxd1 {[%clk 00:06:09]} {[%emt 00:00:04]} 31. Qxf6
{[%clk 00:09:53]} {[%emt 00:00:08]} Qc2 {[%clk 00:04:42]} {[%emt 00:01:56]} 32.
g4 {[%clk 00:07:03]} {[%emt 00:03:21]} Kh7 {[%clk 00:04:05]} {[%emt 00:01:07]}
33. h4 {[%clk 00:05:52]} {[%emt 00:01:41]} Bd3 {[%clk 00:02:51]} {[%emt
00:01:43]} 34. h5 {[%clk 00:05:21]} {[%emt 00:01:01]} Qe2 {[%clk 00:03:10]}
{[%emt 00:00:11]} 35. Kg3 {[%clk 00:04:38]} {[%emt 00:01:13]} Qd1 {[%clk
00:02:43]} {[%emt 00:00:58]} 36. Qf7+ {[%clk 00:02:55]} {[%emt 00:02:13]} Kh6
{[%clk 00:02:44]} {[%emt 00:00:28]} 37. Qf8+ {[%clk 00:02:26]} {[%emt
00:00:59]} Kh7 {[%clk 00:03:01]} {[%emt 00:00:13]} 38. Qe7+ {[%clk 00:02:23]}
{[%emt 00:00:33]} Kh6 {[%clk 00:03:07]} {[%emt 00:00:24]} 39. Qe6+ {[%clk
00:02:05]} {[%emt 00:00:48]} Kh7 {[%clk 00:02:52]} {[%emt 00:00:46]} 40. Qe7+
{[%clk 00:02:00]} {[%emt 00:00:35]} Kh6 {[%clk 00:03:08]} {[%emt 00:00:14]} 41.
Qe3+ {[%clk 00:17:57]} {[%emt 00:14:32]} Kh7 {[%clk 00:32:08]} {[%emt
00:01:30]} 42. Qa7+ {[%clk 00:15:28]} {[%emt 00:02:59]} Kh6 {[%clk 00:32:18]}
{[%emt 00:00:20]} 43. Qb6+ {[%clk 00:15:53]} {[%emt 00:00:05]} Kh7 {[%clk
00:32:35]} {[%emt 00:00:13]} 44. Qb7+ {[%clk 00:16:18]} {[%emt 00:00:05]} Kh6
{[%clk 00:32:59]} {[%emt 00:00:07]} 45. Kh4 {[%clk 00:15:59]} {[%emt 00:00:49]}
Qg1 {[%clk 00:27:57]} {[%emt 00:05:31]} 46. Qb6+ {[%clk 00:16:00]} {[%emt
00:00:29]} Kh7 {[%clk 00:28:15]} {[%emt 00:00:12]} 47. Kg5 {[%clk 00:16:19]}
{[%emt 00:00:11]} Qg2 {[%clk 00:19:23]} {[%emt 00:09:22]} 48. Qc7+ {[%clk
00:15:16]} {[%emt 00:01:33]} Kg8 {[%clk 00:19:18]} {[%emt 00:00:35]} 49. Qd8+
{[%clk 00:14:39]} {[%emt 00:01:06]} Kf7 {[%clk 00:17:52]} {[%emt 00:01:56]} 50.
Qf6+ {[%clk 00:14:38]} {[%emt 00:00:32]} Kg8 {[%clk 00:16:52]} {[%emt
00:01:30]} 51. f3 {[%clk 00:06:58]} {[%emt 00:08:10]} Qd2+ {[%clk 00:05:25]}
{[%emt 00:11:57]} 52. f4 {[%clk 00:07:23]} {[%emt 00:00:05]} Qa5+ {[%clk
00:05:19]} {[%emt 00:00:35]} 53. f5 {[%clk 00:07:20]} {[%emt 00:00:35]} Qc5
{[%clk 00:04:31]} {[%emt 00:01:17]} 54. Kg6 {[%clk 00:07:16]} {[%emt 00:00:34]}
Qc7 {[%clk 00:04:31]} {[%emt 00:00:30]} 55. h6 {[%clk 00:06:44]} {[%emt
00:01:02]} Qh7+ {[%clk 00:04:03]} {[%emt 00:00:58]} 56. Kg5 {[%clk 00:06:59]}
{[%emt 00:00:15]} Qc7 {[%clk 00:03:50]} {[%emt 00:00:42]} 57. Qe6+ {[%clk
00:06:05]} {[%emt 00:01:25]} Kh7 {[%clk 00:02:31]} {[%emt 00:01:50]} 58. Qg6+
{[%clk 00:04:11]} {[%emt 00:02:23]} Kh8 {[%clk 00:02:56]} {[%emt 00:00:05]} 59.
Qe8+ {[%clk 00:04:38]} {[%emt 00:00:03]} Kh7 {[%clk 00:03:19]} {[%emt
00:00:06]} 60. a4 {[%clk 00:04:42]} {[%emt 00:00:27]} c3 {[%clk 00:01:52]}
{[%emt 00:01:57]} 61. Qg6+ {[%clk 00:04:16]} {[%emt 00:00:56]} Kh8 {[%clk
00:02:17]} {[%emt 00:00:05]} 62. Qf6+ {[%clk 00:04:41]} {[%emt 00:00:05]} Kh7
{[%clk 00:02:19]} {[%emt 00:00:28]} 63. Qxc3 {[%clk 00:04:53]} {[%emt
00:00:18]} Qd8+ {[%clk 00:01:38]} {[%emt 00:01:10]} 64. Qf6 {[%clk 00:04:36]}
{[%emt 00:00:47]} Qc7 {[%clk 00:00:53]} {[%emt 00:01:16]} *

[Event "DVM U20 2021"]
[Site "Kiel GER"]
[Date "2022.07.24"]
[Round "3"]
[White "Wang, Xinyuan"]
[Black "Limpert, Tillmann"]
[Result "1-0"]
[Termination "normal"]
[Board "4.4"]
[WhiteElo "1875"]
[BlackElo "1652"]
[WhiteClock "00:43:58"]
[BlackClock "00:52:07"]
[WhiteTeam "Karlsruher SF 1853"]
[BlackTeam "Biebertaler Schachfreunde"]
[PlyCount "51"]
[WhiteFideId "16221494"]
[BlackFideId "16213254"]
[EventCountry "GER"]
[EventRounds "7"]
[EventType "team-swiss"]
[EventDate "2022.07.22"]

1. d4 {[%clk 01:30:54]} {[%emt 00:00:05]} d5 {[%clk 01:30:52]} {[%emt
00:00:08]} 2. c4 {[%clk 01:31:19]} {[%emt 00:00:06]} e6 {[%clk 01:31:12]}
{[%emt 00:00:09]} 3. Nc3 {[%clk 01:31:45]} {[%emt 00:00:04]} Nf6 {[%clk
01:31:02]} {[%emt 00:00:39]} 4. cxd5 {[%clk 01:32:09]} {[%emt 00:00:08]} exd5
{[%clk 01:31:23]} {[%emt 00:00:08]} 5. Bg5 {[%clk 01:32:34]} {[%emt 00:00:05]}
Nbd7 {[%clk 01:28:39]} {[%emt 00:03:14]} 6. e3 {[%clk 01:32:21]} {[%emt
00:00:43]} c6 {[%clk 01:27:48]} {[%emt 00:01:21]} 7. Bd3 {[%clk 01:32:44]}
{[%emt 00:00:08]} Be7 {[%clk 01:27:29]} {[%emt 00:00:48]} 8. Qc2 {[%clk
01:32:30]} {[%emt 00:00:45]} h6 {[%clk 01:26:45]} {[%emt 00:01:13]} 9. Bh4
{[%clk 01:32:59]} {[%emt 00:00:02]} c5 {[%clk 01:21:52]} {[%emt 00:05:23]} 10.
dxc5 {[%clk 01:14:25]} {[%emt 00:19:04]} Nxc5 {[%clk 01:21:04]} {[%emt
00:01:16]} 11. Bb5+ {[%clk 01:14:36]} {[%emt 00:00:21]} Bd7 {[%clk 01:16:43]}
{[%emt 00:04:50]} 12. Bxf6 {[%clk 01:13:09]} {[%emt 00:01:57]} Bxf6 {[%clk
01:16:43]} {[%emt 00:00:30]} 13. Nxd5 {[%clk 01:13:08]} {[%emt 00:00:31]} Qa5+
{[%clk 01:16:12]} {[%emt 00:01:00]} 14. b4 {[%clk 01:13:14]} {[%emt 00:00:25]}
Bxb5 {[%clk 01:12:02]} {[%emt 00:04:40]} 15. Nxf6+ {[%clk 01:10:47]} {[%emt
00:03:01]} gxf6 {[%clk 01:12:12]} {[%emt 00:00:22]} 16. bxa5 {[%clk 01:11:05]}
{[%emt 00:00:10]} Nd3+ {[%clk 01:12:19]} {[%emt 00:00:22]} 17. Kd2 {[%clk
01:07:15]} {[%emt 00:04:18]} Rd8 {[%clk 01:10:34]} {[%emt 00:02:14]} 18. Qc7
{[%clk 01:01:16]} {[%emt 00:06:30]} O-O {[%clk 01:10:16]} {[%emt 00:00:47]} 19.
Nf3 {[%clk 00:59:10]} {[%emt 00:02:37]} Nxf2+ {[%clk 00:58:26]} {[%emt
00:12:20]} 20. Nd4 {[%clk 00:59:01]} {[%emt 00:00:38]} Ne4+ {[%clk 00:57:43]}
{[%emt 00:01:12]} 21. Ke1 {[%clk 00:58:22]} {[%emt 00:01:10]} Ba6 {[%clk
00:57:15]} {[%emt 00:00:57]} 22. Rd1 {[%clk 00:48:53]} {[%emt 00:10:01]} Rfe8
{[%clk 00:55:20]} {[%emt 00:02:24]} 23. Nf5 {[%clk 00:48:19]} {[%emt 00:01:04]}
Rc8 {[%clk 00:52:28]} {[%emt 00:03:21]} 24. Ne7+ {[%clk 00:47:39]} {[%emt
00:01:11]} Rxe7 {[%clk 00:52:36]} {[%emt 00:00:23]} 25. Qxe7 {[%clk 00:46:14]}
{[%emt 00:01:54]} Rc2 {[%clk 00:52:07]} {[%emt 00:00:58]} 26. Rd8+ {[%clk
00:43:58]} {[%emt 00:02:47]} 1-0

[Event "DVM U20 2021"]
[Site "Kiel GER"]
[Date "2022.07.24"]
[Round "3"]
[White "Borodaev, Roman"]
[Black "Peschel, Jan"]
[Result "1-0"]
[Termination "normal"]
[Board "4.6"]
[WhiteElo "1605"]
[BlackElo "1559"]
[WhiteClock "01:02:31"]
[BlackClock "00:15:54"]
[WhiteTeam "Karlsruher SF 1853"]
[BlackTeam "Biebertaler Schachfreunde"]
[PlyCount "117"]
[WhiteFideId "16274881"]
[BlackFideId "16271629"]
[EventCountry "GER"]
[EventRounds "7"]
[EventType "team-swiss"]
[EventDate "2022.07.22"]

1. e4 {[%clk 01:30:59]} {[%emt 00:00:01]} e5 {[%clk 01:30:49]} {[%emt
00:00:10]} 2. Nf3 {[%clk 01:31:26]} {[%emt 00:00:04]} Nc6 {[%clk 01:31:08]}
{[%emt 00:00:10]} 3. Bb5 {[%clk 01:31:53]} {[%emt 00:00:03]} Bc5 {[%clk
01:24:43]} {[%emt 00:06:54]} 4. O-O {[%clk 01:32:00]} {[%emt 00:00:25]} Nge7
{[%clk 01:22:49]} {[%emt 00:02:24]} 5. c3 {[%clk 01:31:15]} {[%emt 00:01:15]}
d5 {[%clk 01:10:57]} {[%emt 00:12:21]} 6. exd5 {[%clk 01:24:46]} {[%emt
00:07:00]} Qxd5 {[%clk 01:09:16]} {[%emt 00:02:10]} 7. d4 {[%clk 01:24:27]}
{[%emt 00:00:49]} exd4 {[%clk 01:07:11]} {[%emt 00:02:36]} 8. cxd4 {[%clk
01:24:50]} {[%emt 00:00:08]} Bb4 {[%clk 01:04:25]} {[%emt 00:03:14]} 9. Qa4
{[%clk 01:11:49]} {[%emt 00:13:37]} O-O {[%clk 00:58:31]} {[%emt 00:06:18]} 10.
a3 {[%clk 01:11:55]} {[%emt 00:00:24]} Ba5 {[%clk 00:54:05]} {[%emt 00:04:55]}
11. Nc3 {[%clk 01:11:27]} {[%emt 00:00:58]} Bxc3 {[%clk 00:54:15]} {[%emt
00:00:20]} 12. bxc3 {[%clk 01:11:53]} {[%emt 00:00:05]} a6 {[%clk 00:50:11]}
{[%emt 00:04:33]} 13. Bd3 {[%clk 01:11:41]} {[%emt 00:00:44]} Bf5 {[%clk
00:45:08]} {[%emt 00:05:31]} 14. c4 {[%clk 01:03:16]} {[%emt 00:08:55]} Qd7
{[%clk 00:36:49]} {[%emt 00:08:48]} 15. Bxf5 {[%clk 01:02:25]} {[%emt
00:01:23]} Nxf5 {[%clk 00:32:31]} {[%emt 00:04:48]} 16. d5 {[%clk 01:02:33]}
{[%emt 00:00:22]} Ne5 {[%clk 00:32:49]} {[%emt 00:00:12]} 17. Qxd7 {[%clk
01:02:15]} {[%emt 00:00:48]} Nxd7 {[%clk 00:33:11]} {[%emt 00:00:08]} 18. Bf4
{[%clk 01:01:43]} {[%emt 00:01:02]} Rac8 {[%clk 00:30:21]} {[%emt 00:03:20]}
19. Rac1 {[%clk 00:55:05]} {[%emt 00:07:08]} Nc5 {[%clk 00:27:14]} {[%emt
00:03:37]} 20. Rfd1 {[%clk 00:55:23]} {[%emt 00:00:12]} Nd6 {[%clk 00:23:56]}
{[%emt 00:03:47]} 21. Be3 {[%clk 00:53:22]} {[%emt 00:02:33]} Nde4 {[%clk
00:21:08]} {[%emt 00:03:16]} 22. Ng5 {[%clk 00:49:42]} {[%emt 00:04:11]} Nxg5
{[%clk 00:17:44]} {[%emt 00:03:54]} 23. Bxc5 {[%clk 00:49:21]} {[%emt
00:00:51]} Rfe8 {[%clk 00:16:19]} {[%emt 00:01:55]} 24. f3 {[%clk 00:49:46]}
{[%emt 00:00:05]} f6 {[%clk 00:16:20]} {[%emt 00:00:29]} 25. Rc2 {[%clk
00:48:20]} {[%emt 00:01:56]} Nf7 {[%clk 00:15:52]} {[%emt 00:00:57]} 26. Bf2
{[%clk 00:48:22]} {[%emt 00:00:29]} b6 {[%clk 00:14:03]} {[%emt 00:02:19]} 27.
c5 {[%clk 00:48:23]} {[%emt 00:00:29]} bxc5 {[%clk 00:13:43]} {[%emt 00:00:49]}
28. Rxc5 {[%clk 00:48:48]} {[%emt 00:00:06]} Red8 {[%clk 00:12:37]} {[%emt
00:01:35]} 29. Rdc1 {[%clk 00:47:08]} {[%emt 00:02:11]} Ne5 {[%clk 00:12:03]}
{[%emt 00:01:04]} 30. Ra5 {[%clk 00:46:25]} {[%emt 00:01:12]} Rd6 {[%clk
00:08:26]} {[%emt 00:04:07]} 31. Bg3 {[%clk 00:42:41]} {[%emt 00:04:15]} Rb6
{[%clk 00:04:27]} {[%emt 00:04:29]} 32. Bxe5 {[%clk 00:41:11]} {[%emt
00:02:01]} fxe5 {[%clk 00:04:47]} {[%emt 00:00:09]} 33. Rc6 {[%clk 00:41:33]}
{[%emt 00:00:08]} Rb5 {[%clk 00:02:00]} {[%emt 00:03:18]} 34. Rxb5 {[%clk
00:38:16]} {[%emt 00:03:47]} axb5 {[%clk 00:02:19]} {[%emt 00:00:10]} 35. d6
{[%clk 00:37:57]} {[%emt 00:00:48]} Kf8 {[%clk 00:01:52]} {[%emt 00:00:57]} 36.
dxc7 {[%clk 00:37:03]} {[%emt 00:01:25]} Ke7 {[%clk 00:01:50]} {[%emt
00:00:31]} 37. Rc5 {[%clk 00:37:27]} {[%emt 00:00:06]} Kd6 {[%clk 00:02:10]}
{[%emt 00:00:10]} 38. Rxb5 {[%clk 00:37:52]} {[%emt 00:00:05]} Rxc7 {[%clk
00:02:33]} {[%emt 00:00:07]} 39. Kf2 {[%clk 00:37:57]} {[%emt 00:00:26]} Ra7
{[%clk 00:01:50]} {[%emt 00:01:13]} 40. Rb3 {[%clk 00:38:22]} {[%emt 00:00:05]}
g6 {[%clk 00:01:34]} {[%emt 00:00:46]} 41. g4 {[%clk 00:37:01]} {[%emt
00:01:50]} Kc5 {[%clk 00:01:43]} {[%emt 00:00:22]} 42. Re3 {[%clk 00:37:04]}
{[%emt 00:00:27]} Kd4 {[%clk 00:01:51]} {[%emt 00:00:21]} 43. Re4+ {[%clk
00:37:16]} {[%emt 00:00:18]} Kd5 {[%clk 00:02:20]} {[%emt 00:00:01]} 44. a4
{[%clk 00:37:39]} {[%emt 00:00:08]} g5 {[%clk 00:02:05]} {[%emt 00:00:45]} 45.
Kg3 {[%clk 00:37:18]} {[%emt 00:00:51]} h6 {[%clk 00:02:16]} {[%emt 00:00:19]}
46. Rb4 {[%clk 00:37:22]} {[%emt 00:00:26]} Kc6 {[%clk 00:01:21]} {[%emt
00:01:24]} 47. h4 {[%clk 00:36:27]} {[%emt 00:01:25]} Ra5 {[%clk 00:01:39]}
{[%emt 00:00:12]} 48. h5 {[%clk 00:36:26]} {[%emt 00:00:31]} Kc5 {[%clk
00:01:28]} {[%emt 00:00:41]} 49. Re4 {[%clk 00:36:52]} {[%emt 00:00:05]} Kd6
{[%clk 00:01:41]} {[%emt 00:00:16]} 50. Kf2 {[%clk 00:37:02]} {[%emt 00:00:21]}
Rc5 {[%clk 00:01:38]} {[%emt 00:00:33]} 51. Ke2 {[%clk 00:35:12]} {[%emt
00:02:19]} Ra5 {[%clk 00:00:50]} {[%emt 00:01:18]} 52. Rb4 {[%clk 00:33:51]}
{[%emt 00:01:51]} Kc6 {[%clk 00:01:02]} {[%emt 00:00:18]} 53. Ke3 {[%clk
00:34:05]} {[%emt 00:00:16]} Ra6 {[%clk 00:27:41]} {[%emt 00:03:51]} 54. Ke4
{[%clk 01:03:52]} {[%emt 00:00:44]} Kd6 {[%clk 00:27:47]} {[%emt 00:00:22]} 55.
a5 {[%clk 01:01:23]} {[%emt 00:03:00]} Rxa5 {[%clk 00:15:20]} {[%emt 00:12:57]}
56. Rb6+ {[%clk 01:01:41]} {[%emt 00:00:13]} Ke7 {[%clk 00:15:37]} {[%emt
00:00:12]} 57. Rxh6 {[%clk 01:02:06]} {[%emt 00:00:06]} Kf7 {[%clk 00:15:48]}
{[%emt 00:00:19]} 58. Rg6 {[%clk 01:02:18]} {[%emt 00:00:18]} Rb5 {[%clk
00:15:54]} {[%emt 00:00:23]} 59. Rxg5 {[%clk 01:02:31]} {[%emt 00:00:18]} 1-0